Los estudios afroamericanos y africanos en América Latina: herencia, presencia y visiones del otro /

Gorde:
Xehetasun bibliografikoak
Egile nagusia: Lechini, Gladys
Beste egile batzuk: comp
Formatua: Texto
Argitaratua: Buenos Aires: CLACSO
Gaiak:
Etiketak: Etiketa erantsi
Etiketarik gabe, Izan zaitez lehena erregistro honi etiketa jartzen!

MARC

LEADER 00000 a a2200000 04500
001 39063
003
040
020 |a 978-987-1110-71-1  
090 |a 1001 L459e  
100 |a Lechini, Gladys  
245 |a Los estudios afroamericanos y africanos en América Latina: herencia, presencia y visiones del otro /  |c Gladys Lechini 
260 |a Buenos Aires:   |b CLACSO  
300 |a 428 p.  
650 |a LITERATURA  
650 |a SOCIOLOGIA  
650 |a DISCRIMINACION RACIAL  
650 |a IDENTIDAD NACIONAL  
650 |a POLITICA RACIAL  
650 |a AMERICA LATINA  
700 |a comp.  
999 |c 11969  |d 11969